000 00964nam a22003017a 4500
003 CHAP
005 20220329140011.0
008 971013s r 00010 d
010 _a45318
011 _a46290
035 _a50431
040 _cCHAP
090 _aFolleto 4411
110 _aUniversity of Leicester. School of Biological Sciences. Botanical Laboratories
_9116734
245 _aReport for the years, 19 -
260 _a(s.l.) :
_bThe University,
_c19 -
300 _av.
500 _aLa biblioteca tiene: 1967-1972
590 _aBATCH-UPD
_b10
_c20130110
_lUCH01
_h2107
590 _aBATCH-UPD
_b10
_c20130410
_lUCH01
_h1418
590 _aBATCH-UPD
_b10
_c20130914
_lUCH01
_h0732
590 _aCONVERSION
_b10
_c20130109
_lUCH01
_h1325
650 1 4 _aBotánica
_xInvestigación.
_914562
650 1 4 _aBotánica
_xInvestigación
_xGran Bretaña.
_914564
901 _aBK
942 _cFOLL
949 _aFolleto 4411
_bBC
_cFOLL
_d-113308
_eTS1
_i50431
_mD
_si
999 _c45318
_d45318